| 000 | 00457nam a2200169 a 4500 | ||
|---|---|---|---|
| 001 | 2590 | ||
| 003 | CO-ViMGA | ||
| 008 | 141112s2004 ck r 000 u spa d | ||
| 040 |
_aCO-ViMGA _bspa _cCO-ViMGA |
||
| 082 | 0 | 4 | _a616.12 Z172 |
| 100 | 1 |
_aZarco Gutierrez, Pedro _951578 |
|
| 245 | 1 | 0 | _aBases moleculares de la cardiología clínica |
| 260 |
_aMadrid : _bMedica PanAméricana, _c1996 |
||
| 300 | _a374 p : il | ||
| 650 | 1 | 4 | _aCARDIOLOGIA |
| 942 |
_2ddc _cBK |
||
| 999 |
_c14666 _d14666 |
||